I grandi nudi : erotismo e fotografia dalle origini ai giorni nostri /

সংরক্ষণ করুন:
গ্রন্থ-পঞ্জীর বিবরন
অন্যান্য লেখক: Sobieszek, Robert
বিন্যাস: গ্রন্থ
ভাষা:ইতালিয়
প্রকাশিত: Milano : ES, ©1994
বিষয়গুলি:
ট্যাগগুলো: ট্যাগ যুক্ত করুন
কোনো ট্যাগ নেই, প্রথমজন হিসাবে ট্যাগ করুন!

MARC

LEADER 00000nam a2200000 i 4500
001 IT\ICCU\BVE\0075940
003 ItRI
005 20260115231943.0
008 950905s1994 it |||||| ||||| |||||c
015 |2 IT  |a 95-9494 
020 |a 8885357946 
040 |b ita  |c importazione bologna sebina 
041 7 |a ita  |2 ISO-639-2 
082 |a 779.28  |9 FOTOGRAFIE. Iconografia. Soggetti erotici  |2 20 
245 0 2 |a I grandi nudi :  |b erotismo e fotografia dalle origini ai giorni nostri /  |c con un testo di Robert Sobieszek. 
260 |a Milano :  |b ES,  |c ©1994 
300 |a 129 p. :  |b ill. ;  |c 30 cm. 
650 7 |a Fotografie erotiche  |2 scbi 
700 1 |a Sobieszek, Robert  |0 IT\ICCU\SBLV\292212 
942 |2 ddc  |c BK  |n 0 
952 |0 0  |1 0  |4 0  |6 DOC_779_210000000000000_SOB  |7 0  |9 17757  |a BO  |b BO  |d 2026-01-15  |i 17574  |l 0  |o DOC 779.21 SOB  |p BO17574  |r 2026-01-15 23:19:43  |w 2026-01-15  |x [Sebina 7] [1 v.]  |y BK  |z 1 v. 
999 |c 15113  |d 15113